MARC details
| 000 -LEADER |
| fixed length control field |
02143cam a2200589 4500 |
| 001 - CONTROL NUMBER |
| control field |
20314 |
| 003 - CONTROL NUMBER IDENTIFIER |
| control field |
VRT |
| 005 - DATE AND TIME OF LATEST TRANSACTION |
| control field |
20260121115957.0 |
| 008 - FIXED-LENGTH DATA ELEMENTS--GENERAL INFORMATION |
| fixed length control field |
200507s2019 xo o grh 000 0aslo |
| 015 ## - NATIONAL BIBLIOGRAPHY NUMBER |
| National bibliography number |
SNBA2020/01 |
| 020 ## - INTERNATIONAL STANDARD BOOK NUMBER |
| International Standard Book Number |
9788056610282 |
| Qualifying information |
(viazané) |
| 035 ## - SYSTEM CONTROL NUMBER |
| System control number |
urn:nbn:sk:snk-am00e05l |
| 035 ## - SYSTEM CONTROL NUMBER |
| System control number |
urn:nbn:sk:snk-am3ia82 |
| 035 ## - SYSTEM CONTROL NUMBER |
| System control number |
1A653320-D158-47E5-BA39-CBB1CC0D6CD7 |
| 039 #9 - LEVEL OF BIBLIOGRAPHIC CONTROL AND CODING DETAIL [OBSOLETE] |
| Level of rules in bibliographic description |
202407021127 |
| Level of effort used to assign nonsubject heading access points |
AUTHORITY |
| Level of effort used to assign subject headings |
202406101340 |
| Level of effort used to assign classification |
AUTHORITY |
| Level of effort used to assign subject headings |
202005070816 |
| Level of effort used to assign classification |
VLOAD |
| Level of effort used to assign subject headings |
202001222008 |
| Level of effort used to assign classification |
csnk01 |
| 040 ## - CATALOGING SOURCE |
| Original cataloging agency |
PPPK |
| Language of cataloging |
slo |
| Transcribing agency |
PPPK |
| Modifying agency |
SNK |
| Description conventions |
rda |
| 041 0# - LANGUAGE CODE |
| Language code of text/sound track or separate title |
slo |
| 043 ## - GEOGRAPHIC AREA CODE |
| Geographic area code |
e-xo--- |
| 044 ## - COUNTRY OF PUBLISHING/PRODUCING ENTITY CODE |
| MARC country code |
xo |
| ISO country code |
SK |
| 072 #7 - SUBJECT CATEGORY CODE |
| Subject category code |
796 |
| Subject category code subdivision |
Šport. Hry. Telesné cvičenia |
| Source |
konspekt |
| 072 #7 - SUBJECT CATEGORY CODE |
| Subject category code |
929 |
| Subject category code subdivision |
Biografie |
| Source |
konspekt |
| 080 ## - UNIVERSAL DECIMAL CLASSIFICATION NUMBER |
| Universal Decimal Classification number |
796.966 |
| Edition identifier |
2011 |
| 080 ## - UNIVERSAL DECIMAL CLASSIFICATION NUMBER |
| Universal Decimal Classification number |
796.966.071.2 |
| Edition identifier |
2011 |
| 080 ## - UNIVERSAL DECIMAL CLASSIFICATION NUMBER |
| Universal Decimal Classification number |
(437.6) |
| Edition identifier |
2011 |
| 080 ## - UNIVERSAL DECIMAL CLASSIFICATION NUMBER |
| Universal Decimal Classification number |
(092) |
| Edition identifier |
2011 |
| 100 1# - MAIN ENTRY--PERSONAL NAME |
| Personal name |
Valábik, Boris |
| Relationship |
aut |
| 245 10 - TITLE STATEMENT |
| Title |
Volali ma bitkár |
| Statement of responsibility, etc. |
Boris Valábik, Marián Szűcs |
| 250 ## - EDITION STATEMENT |
| Edition statement |
1. slovenské vydanie |
| 264 #1 - PRODUCTION, PUBLICATION, DISTRIBUTION, MANUFACTURE, AND COPYRIGHT NOTICE |
| Place of production, publication, distribution, manufacture |
Bratislava |
| Name of producer, publisher, distributor, manufacturer |
Lindeni |
| Date of production, publication, distribution, manufacture, or copyright notice |
2019 |
| 300 ## - PHYSICAL DESCRIPTION |
| Extent |
250 strán, 16 nečíslovaných strán obrazových príloh |
| Other physical details |
farebné fotografie |
| Dimensions |
24 cm |
| 336 ## - CONTENT TYPE |
| Content type term |
text |
| Content type code |
txt |
| Source |
rdacontent |
| 337 ## - MEDIA TYPE |
| Media type term |
bez média |
| Media type code |
n |
| Source |
rdamedia |
| 338 ## - CARRIER TYPE |
| Carrier type term |
zväzok |
| Carrier type code |
nc |
| Source |
rdacarrier |
| 500 ## - GENERAL NOTE |
| General note |
Vydalo vydavateľstvo Lindeni v spoločnosti Albatros Media Slovakia, s.r.o. |
| 500 ## - GENERAL NOTE |
| General note |
Na prebale pod názvom: Otvorené rozprávanie o zákulisí hokeja |
| 650 07 - SUBJECT ADDED ENTRY--TOPICAL TERM |
| Topical term or geographic name entry element |
ľadový hokej |
| Source of heading or term |
SNKPH |
| 650 07 - SUBJECT ADDED ENTRY--TOPICAL TERM |
| Topical term or geographic name entry element |
hokejisti |
| Source of heading or term |
SNKPH |
| 650 07 - SUBJECT ADDED ENTRY--TOPICAL TERM |
| Topical term or geographic name entry element |
Ice hockey |
| Source of heading or term |
SNKPHeng |
| 650 07 - SUBJECT ADDED ENTRY--TOPICAL TERM |
| Topical term or geographic name entry element |
Hockey players |
| Source of heading or term |
SNKPHeng |
| 651 #7 - SUBJECT ADDED ENTRY--GEOGRAPHIC NAME |
| Geographic name |
Slovensko |
| Source of heading or term |
SNKPHgeo |
| 651 #7 - SUBJECT ADDED ENTRY--GEOGRAPHIC NAME |
| Geographic name |
Slovakia |
| Source of heading or term |
SNKPHeng |
| 655 #7 - INDEX TERM--GENRE/FORM |
| Genre/form data or focus term |
autobiografie |
| Source of term |
SNKPH |
| 655 #7 - INDEX TERM--GENRE/FORM |
| Genre/form data or focus term |
Autobiography |
| Source of term |
SNKPHeng |
| 700 1# - ADDED ENTRY--PERSONAL NAME |
| Personal name |
Szűcs, Marián |
| Relationship |
aut |
| 710 2# - ADDED ENTRY--CORPORATE NAME |
| Corporate name or jurisdiction name as entry element |
Albatros Media Slovakia. |
| Subordinate unit |
Lindeni |
| Relationship |
pbl |
| 942 ## - ADDED ENTRY ELEMENTS (KOHA) |
| Source of classification or shelving scheme |
Dewey Decimal Classification |
| Koha item type |
Odborná literatúra pre dospelých |
| Suppress in OPAC |
No |
| 949 ## - LOCAL PROCESSING INFORMATION (OCLC) |
| 6 |
2889351407 |
| a |
savukPV 28569 |
| b |
savuk2019/3043 |
| 949 ## - LOCAL PROCESSING INFORMATION (OCLC) |
| 6 |
273K0652239 |
| a |
svkpoB 109240 |
| b |
svkpo643591 |
| 949 ## - LOCAL PROCESSING INFORMATION (OCLC) |
| 6 |
17A1393648 |
| a |
snkSC 186865 |
| b |
snk2019/30405 |
| o |
1827/2019 |
| s |
6100:20191205 |
| 949 ## - LOCAL PROCESSING INFORMATION (OCLC) |
| 6 |
17A1393674 |
| a |
snkSC 186865 D1 |
| b |
snk2019/30406 |
| o |
1827/2019 |
| 949 ## - LOCAL PROCESSING INFORMATION (OCLC) |
| 6 |
270001000603514 |
| a |
svkbbB 59952 |
| b |
svkbbm 784563 |